Grundlagen der Datenverarbeitung

Guardado en:
Detalles Bibliográficos
Autor principal: Dworatschek, Sebastian
Formato: Libro
Lenguaje:alemán
Publicado: Berlin Gruyter 1986
Edición:7. aktual. Aufl.
Etiquetas: Agregar Etiqueta
Sin Etiquetas, Sea el primero en etiquetar este registro!

MARC

LEADER 00000nam a2200000 4500
001 c031979
005 20221207071917.0
041 0 |a ger 
044 |a DE 
245 1 0 |a Grundlagen der Datenverarbeitung  |c Sebastian Dworatschek 
250 |a 7. aktual. Aufl. 
264 1 |a Berlin  |b Gruyter  |c 1986 
300 |a 607 s. 
100 1 |a Dworatschek, Sebastian